La práctica del litigio arbitral / (Registro nro. 30834)

Detalles MARC
000 -LEADER
fixed length control field 02507nam a2200277 a 4500
001 - CONTROL NUMBER
control field 991003302609707486
003 - CONTROL NUMBER IDENTIFIER
control field OSt
005 - DATE AND TIME OF LATEST TRANSACTION
control field 20240925164214.0
008 - FIXED-LENGTH DATA ELEMENTS--GENERAL INFORMATION
fixed length control field 170712s2017 ck gr 00010 spa d
020 ## - INTERNATIONAL STANDARD BOOK NUMBER
International Standard Book Number 9789587497922
040 ## - CATALOGING SOURCE
Original cataloging agency CO-JMCR
Language of cataloging spa
Transcribing agency CO-JMCR
082 04 - DEWEY DECIMAL CLASSIFICATION NUMBER
Classification number 341.52
Item number P71
Edition number 23
245 03 - TITLE STATEMENT
Title La práctica del litigio arbitral /
Statement of responsibility, etc. directores académicos Hernando Herrera Mercado, Fabricio Mantilla Espinosa
260 ## - PUBLICATION, DISTRIBUTION, ETC.
Place of publication, distribution, etc. Bogotá :
Name of publisher, distributor, etc. Grupo Editorial Ibáñez :
-- Cámara de Comercio de Bogotá. Centro de Arbitraje y Conciliación,
Date of publication, distribution, etc. 2017.
300 ## - PHYSICAL DESCRIPTION
Extent 2 volúmenes ;
Dimensions 24 cm.
490 0# - SERIES STATEMENT
Series statement Arbitraje 360°
504 ## - BIBLIOGRAPHY, ETC. NOTE
Bibliography, etc. note Incluye bibliografías.
505 00 - FORMATTED CONTENTS NOTE
Formatted contents note v.2. Tomo II: Estructura del proceso y estrategia del litigio.
520 3# - SUMMARY, ETC.
Summary, etc. En contra de una creencia todavía bastante extendida, las reglas y prácticas que rigen el litigio arbitral difieren considerablemente de las que se aplican en el ámbito judicial. Posiblemente una de las causas de ciertas confusiones sea el uso de los mismos nombres para designar toda una serie de cuestiones que son en realidad bastante o muy diferentes. Así, competencia, audiencia, prueba o cosa juzgada son expresiones que pueden hacer creer que su comprensión y, en consecuencia, el modo de reglamentarlas e implementarlas es unívoca, más allá del tipo de litigio referido. Las contribuciones reunidas en este tomo sirven, entre otras cosas, para disipar este malentendido.<br/>No debería ser un secreto que las diferencias apuntadas son consecuencia de otra, de carácter fundamental, que distingue la función jurisdiccional según que ella sea ejercida por jueces públicos o por jueces privados, estos últimos más conocidos como “árbitros”. La fuente del poder de unos y otros, la forma de ejercerlo, sus alcances y sus límites son claramente distintos, lo que se ve especialmente cuando un mismo caso es tratado por ambos. De allí que resulte lógico, por ejemplo, que mientras el proceso judicial es particularmente en la mayoría de los países tributarios del sistema de derecho romano germánico el reino del rigor formalista, en el arbitraje la flexibilidad y la autonomía de la voluntad constituyente las características esenciales.
650 14 - SUBJECT ADDED ENTRY--TOPICAL TERM
Topical term or geographic name entry element Arbitramento
Geographic subdivision Colombia
9 (RLIN) 43855
650 24 - SUBJECT ADDED ENTRY--TOPICAL TERM
Topical term or geographic name entry element Laudo arbitral
Geographic subdivision Colombia
9 (RLIN) 43856
650 24 - SUBJECT ADDED ENTRY--TOPICAL TERM
Topical term or geographic name entry element Arbitros (Derecho)
9 (RLIN) 43857
700 1# - ADDED ENTRY--PERSONAL NAME
Personal name Herrera Mercado, Hernando,
Relator term director.
9 (RLIN) 43858
700 1# - ADDED ENTRY--PERSONAL NAME
Personal name Mantilla Espinosa, Fabricio,
Relator term director.
9 (RLIN) 43859
942 ## - ADDED ENTRY ELEMENTS (KOHA)
Source of classification or shelving scheme Dewey Decimal Classification
Koha item type Books
Existencias
Withdrawn status Lost status Source of classification or shelving scheme Damaged status Not for loan Home library Current library Shelving location Date acquired Total Checkouts Full call number Barcode Date last seen Copy number Price effective from Koha item type
    Dewey Decimal Classification     Biblioteca Pública José María del Castillo y Rada Biblioteca Pública José María del Castillo y Rada Book Cart 09/20/2024   341.52 P71 201812487 09/25/2024 Ej.1 09/25/2024 Books